| 000 | 00622nam a2200217 a 4500 | ||
|---|---|---|---|
| 005 | 20140311163029.0 | ||
| 008 | 100104s19uu xx 00 eng d | ||
| 020 | _a9780495804857 | ||
| 050 |
_aHQ 767.9 _b.B45 2010 |
||
| 100 | _aBerns, Roberta M. | ||
| 245 |
_aChild, family, school, community : _bsocialization and support / |
||
| 250 | _a8th ed. | ||
| 260 |
_aAustralia : _bWadsworth Cengage Learning, _c2010. |
||
| 300 |
_a546 p. : _bcol. ill. ; _c27 cm. |
||
| 521 | _aPSYCH | ||
| 650 | _aChild development. | ||
| 650 | _aSocial change. | ||
| 650 | _aSocialization. | ||
| 942 |
_cBK _2lcc _kFOR |
||
| 999 |
_c39612 _d39612 |
||